000 00659nam a2200205 a 4500
001 000248134
003 AM-YeHGA
005 20250617124945.0
008 030701s1990 ||| r 000 0 rus d
020 _a5265016368
020 _a5-265-01896-4
040 _aAM-YeHGA
100 1 _aКаминский, Евгений Юрьевич
245 1 0 _aТолпа :
_bСтихи /
_cЕвгений Каминский.
260 _aЛенинград :
_bСов. писатель,
_c1990.
300 _a72 с.
_bпортр., ил.
440 0 _aПервая книга автора
653 0 _aРусская советская поэзия
090 _c89998
999 _c88712
_d88712